Super Mario Odyssey Camera Filters - Statistics

General Stats
  • This quiz has been taken 43 times
    38 since last reset
  • The average score is 7 of 23
Answer Stats
Super Mario Odyssey % Correct
Coin
64%
Sepia
56%
Black and White
52%
NES
48%
SNES
48%
Blur
44%
Blur x2
44%
Gameboy
40%
Fish-Eye Lens
36%
Kaleidoscope
32%
Tile
32%
Neon
28%
Cartoon
24%
Manga
24%
Oil Painting
24%
Pencil Sketch
20%
Illustration
16%
Sharpen
16%
Silhouette
16%
Smear
16%
Line Drawing
12%
Hypercolor
8%
Watercolor
4%
No matching quizzes found
Score Distribution
Percent of People with Each Score
Percentile by Number Answered
Your Score History
You have not taken this quiz since the last reset